The 10th Kingdom Quiz Stats

Quiz not verified by Sporcle

Also try: TV Grandparents
Challenge
Share
Tweet
Embed
Score 0/14 Timer 10:00
0 Plays Today
Characters Actors/Actress % Correct
WolfScott Cohen
83.7%
AcornWarwick Davis
58.1%
Tony LewisJohn Larroquette
51.2%
Relish the Troll KingEd O'Neill
48.8%
Evil QueenDianna Wiest
41.9%
HuntsmanRutger Hauer
41.9%
Virginia LewisKimberly Williams-Paisley
34.9%
Characters Actors/Actress % Correct
Prince WendellDaniel Lapaine
20.9%
Blabberwort the TrollDawnn Lewis
18.6%
Burly the TrollHugh O'Gorman
16.3%
Chancellor GriswoldRobert Hardy
11.6%
Old RetainerEdward Jewesbury
7%
Lord RupertWilliam Osborne
7%
Blue Bell the TrollJeremiah Birkett
4.7%

You're not logged in!

Compare scores with friends on all Sporcle quizzes.
Join for Free
OR
Log In

You Might Also Like...

Show Comments

Extras

Created Feb 24, 2010SourceReportNominate

Top Quizzes Today


Score Distribution

Your Account Isn't Verified!

In order to create a playlist on Sporcle, you need to verify the email address you used during registration. Go to your Sporcle Settings to finish the process.

Report this User

Report this user for behavior that violates our Community Guidelines.

Details: